000
00331nam a2200145Ia 4500
008
230917s9999||||xx |||||||||||||| ||und||
040
_e
46664
_a
MAIN
041
_a
English
082
_a
410 S38B
100
_a
Srivastava, R N
245
0
_a
Bi multilinqualism
260
_a
Delhi
_b
Kalinga
_c
1994
300
_a
325 p.
942
_c
BK
999
_c
84163
_d
84163